000 00564 a2200169 4500
020 _a9781905209606
020 _a1905209606
082 _a624.151 DES
100 _aDesrues,J
245 _aAdvances in X-ray tomography for geomaterials /
_cedited by Jacques Desrues, Gioacchino Viggiani, Pierre Besuelle.
260 _aLondon ;
_aNewport Beach, CA :
_bISTE,
_c2006.
300 _a452 p. :
_bill. ;
_c24 cm.
650 _aSoil mechanics
_xResearch
_xData processing
650 _aTomography
650 _aConcrete
_xAnalysis
650 _aRocks
_xAnalysis
650 _aBuilding materials
_xTesting
999 _c1102
_d1102